Zgadnij, który to YouTuber #2 - Statystyki

Ogólne statystyki
  • Ten quiz został rozwiązany 563 razy
  • Średni wynik to 9 z 15
Statystyki odpowiedzi
Lp Liczba subskrypcji Najpopularniejszy film Dwie pierwsze litery nicku YouTuber % Poprawnych
3 1 470 000 EURO 2016 - ZDUPPING Zd Z Dvpy
90%
12 4 400 000 "Znowu Mam Bana" - A Minecraft Parody (Carly Rae Jepsen - Call Me Maybe) Bl Blowek
83%
7 1 500 000 MIXER NIE POZWOLIŁ MARCIE NA TEN TATUAŻ! Tr Tromba
82%
2 1 170 000 Minecraft Escape - Pan Śmietanka & Madzia - Escape The T.R.O.L.L. 2 Ve Vertez
82%
14 1 230 000 DZIEŃ Z ŻYCIA MAŁEGO CZŁOWIEKA Mi MINI MAJK
75%
9 1 270 000 turboKRZYCH - IsAmU x Pompa | odc.5 Tr TRENUJ Z KRZYCHEM
71%
1 1 610 000 IPHONE 7 - EKSTREMALNY TEST, RECENZJA #110 Th TheUnboxall
69%
4 1 450 000 50 NOWYCH TNT W MINECRAFT! Ro RoxMb
61%
13 1 350 000 (Nick) - Renault Megane Destroy! Ad AdBuster
60%
5 958 000 (Nick) - FENIX (OFFICIAL VIDEO) Li Lil Masti
52%
6 1 780 000 TEGO SIĘ NIE SPODZIEWAŁEM! | SPRÓBUJ SIĘ NIE ZAŚMIAĆ Wo Wojan
47%
15 1 560 000 Paluch "SZAMAN" prod. PSR ( OFFICIAL VIDEO ) Bo BORCREW OFFICIAL
38%
8 1 040 000 ThePanPrzygody Show ! Episode Two ! v2.0 Ma MagdalenaMariaMonika
31%
10 989 000 DZIEŃ TATY GLUT SHOPKINS CHALLENGE - Tata się wywalił LOL He Hejka Tu Lenka
27%
11 1 140 000 🔥 MUZYCZNE VIDEO W ROBLOX 1 Gi GilathissNew
21%
Nie znaleziono quizów pasujących do podanych kryteriów
Rozkład punktacji
Procent ludzi z każdym wynikiem
Percentyl według liczby udzielonych odpowiedzi
Twoja historia wyników
Nie rozwiązałeś tego quizu